000 00479nam a2200157Ia 4500
003 SGT
020 _a9780198061830
082 _a621.381
_bKHA
100 _aKharate,G.K.
245 _aDigital Electronics
260 _bOxford University Press
_aN.Delhi
_c2012
300 _a667p.
650 _aELECTRONICS ENGINEERING
653 _aLOGIC FAMILIES,NUMBER SYSTEM AND CODES,BOOLEAN ALGEBRA AND LOGIC GATES,SEQUENTIAL LOGIC CIRCUITS,ALGORITHMIC STATE MACHINES,
942 _2ddc
_cBK
_048
999 _c5406
_d5406